[Event "Banff op"]
[Site "Banff CAN"]
[Date "2022.11.12"]
[Round "4.25"]
[White "Moore, Kevin"]
[Black "Moore, Pat"]
[Result "0-1"]
[WhiteElo "1655"]
[BlackElo "1777"]
[PlyCount "113"]
[EventDate "2022.11.11"]
[EventType "swiss"]
[EventRounds "6"]
[EventCountry "CAN"]

1. e4 c5 2. Nf3 d6 3. d4 cxd4 4. Nxd4 Nf6 5. Nc3 a6 6. Be2 e6 7. Be3 Be7 8. Bf3
Qc7 9. O-O O-O 10. Rc1 Nc6 11. Nxc6 bxc6 12. Qd2 Rd8 13. Na4 Rb8 14. c4 c5 15.
Nc3 Bb7 16. Rfd1 Ba8 17. b3 h6 18. Qc2 Nd7 19. Rd2 Ne5 20. Be2 Nc6 21. Rcd1 Bf6
22. Bf3 Bd4 23. Bf4 Be5 24. Be3 Bxc3 25. Qxc3 e5 26. Be2 Nd4 27. Bf1 Bxe4 28.
f4 f6 29. fxe5 fxe5 30. Bd3 Qc6 31. Rf2 Rf8 32. Rdf1 Rxf2 33. Rxf2 Rf8 34. Bxd4
exd4 35. Qc2 Rxf2 36. Kxf2 Bxg2 37. Bh7+ Kh8 38. Qf5 Qf3+ 39. Qxf3 Bxf3 40. Bd3
Bc6 41. Kg3 g5 42. Kg4 Bd7+ 43. Kf3 Kg7 44. Ke4 Be6 45. Kf3 Kf6 46. Kg3 Bf5 47.
Be2 Ke5 48. a3 a5 49. h4 d3 50. Bd1 Kd4 51. hxg5 hxg5 52. Kf2 Kc3 53. Ke3 d2
54. a4 Bc2 55. Ke2 Bxb3 56. Bxb3 Kxb3 57. Kxd2 0-1

[Event "Banff op"]
[Site "Banff CAN"]
[Date "2022.11.13"]
[Round "5.1"]
[White "De Firmian, Nick"]
[Black "Khodjimatov, Sherzod"]
[Result "0-1"]
[WhiteElo "2550"]
[BlackElo "2282"]
[PlyCount "80"]
[EventDate "2022.11.11"]
[EventType "swiss"]
[EventRounds "6"]
[EventCountry "CAN"]

1. e4 e5 2. Nf3 Nc6 3. Bb5 a6 4. Ba4 Nge7 5. O-O g6 6. d4 exd4 7. Nxd4 Bg7 8.
c3 O-O 9. Re1 Nxd4 10. cxd4 d5 11. e5 f6 12. Bf4 g5 13. exf6 Bxf6 14. Be5 Ng6
15. Nc3 Bxe5 16. dxe5 c6 17. Bc2 Bf5 18. Rc1 Qe7 19. Ne2 Bxc2 20. Rxc2 Qxe5 21.
Nd4 Qf6 22. Rce2 Rf7 23. f3 Nf4 24. Re5 c5 25. Nf5 c4 26. Ne7+ Rxe7 27. Rxe7
Qxb2 28. R1e2 Nxe2+ 29. Rxe2 Qb6+ 30. Kf1 d4 31. Re5 Rc8 32. Rxg5+ Kh8 33. Qe1
Qd6 34. Re5 c3 35. Re6 Qd5 36. Kf2 Rg8 37. g4 c2 38. Re2 Qc5 39. Re5 c1=Q 40.
Rxc5 Qxc5 0-1

[Event "Banff op"]
[Site "Banff CAN"]
[Date "2022.11.13"]
[Round "5.2"]
[White "Nones, Teodulfo II"]
[Black "Lin, Leo"]
[Result "1-0"]
[WhiteElo "2347"]
[BlackElo "2130"]
[PlyCount "107"]
[EventDate "2022.11.11"]
[EventType "swiss"]
[EventRounds "6"]
[EventCountry "CAN"]

1. g3 d5 2. Bg2 e5 3. d3 Nf6 4. Nf3 Bd6 5. Nbd2 O-O 6. e4 c6 7. O-O Bg4 8. h3
Bd7 9. Re1 Re8 10. c3 Qc8 11. Kh2 Na6 12. Qc2 h6 13. Nf1 Qc7 14. Ne3 Nc5 15.
Nh4 dxe4 16. dxe4 g6 17. Nc4 Bf8 18. f4 exf4 19. Bxf4 Qc8 20. Nd6 Bxd6 21. Bxd6
Ne6 22. e5 Nh7 23. Nxg6 fxg6 24. Qxg6+ Ng7 25. Rf1 Bf5 26. Qxh6 Re6 27. Qf4 Qe8
28. g4 Bd3 29. Rf2 Qg6 30. Rd1 Rae8 31. h4 Kh8 32. Bh3 Rg8 33. g5 Ree8 34. e6
Qe4 35. Qxe4 Bxe4 36. e7 Bg6 37. Rdf1 Bd3 38. Re1 Bg6 39. Bg4 Ra8 40. Be5 Rae8
41. h5 Nxg5 42. hxg6 Rxe7 43. Kg3 Rge8 44. Rfe2 Kg8 45. Kh4 N5e6 46. Bxg7 Kxg7
47. Rxe6 Rxe6 48. Rxe6 Rh8+ 49. Kg5 Rh2 50. Re7+ Kg8 51. Kf6 Rf2+ 52. Bf5 Kf8
53. g7+ Kg8 54. Re8# 1-0

[Event "Banff op"]
[Site "Banff CAN"]
[Date "2022.11.13"]
[Round "5.3"]
[White "Wolchock, Theo"]
[Black "Kaufman, Raymond"]
[Result "1-0"]
[WhiteElo "2212"]
[BlackElo "2340"]
[PlyCount "83"]
[EventDate "2022.11.11"]
[EventType "swiss"]
[EventRounds "6"]
[EventCountry "CAN"]

1. e4 c5 2. Nf3 d6 3. d4 cxd4 4. Qxd4 Nc6 5. Bb5 Bd7 6. Bxc6 bxc6 7. c4 e5 8.
Qd3 Qc7 9. O-O Ne7 10. Rd1 Ng6 11. Nc3 Be7 12. Bg5 f6 13. Be3 Be6 14. Rac1 Qa5
15. Nd2 O-O 16. Nb3 Qb4 17. Ne2 a5 18. c5 d5 19. exd5 Bxd5 20. Bd2 Qg4 21. f3
Qe6 22. Nxa5 Bxa2 23. b4 Bd5 24. Nc3 Rfd8 25. Nxd5 Rxd5 26. Qb3 Rad8 27. Be3
Kf7 28. Rxd5 Rxd5 29. b5 cxb5 30. c6 Rd8 31. Qxb5 e4 32. f4 f5 33. Nc4 Nh4 34.
c7 Ra8 35. Nb6 Nxg2 36. Nxa8 Nxe3 37. c8=Q Qg6+ 38. Kf2 Qg2+ 39. Kxe3 Qf3+ 40.
Kd2 Qxf4+ 41. Kc2 Qf2+ 42. Kb1 1-0

[Event "Banff op"]
[Site "Banff CAN"]
[Date "2022.11.13"]
[Round "5.4"]
[White "Wang, Paul"]
[Black "Doknjas, Neil"]
[Result "0-1"]
[WhiteElo "2131"]
[BlackElo "2241"]
[PlyCount "86"]
[EventDate "2022.11.11"]
[EventType "swiss"]
[EventRounds "6"]
[EventCountry "CAN"]

1. e4 c6 2. Nc3 d5 3. Nf3 dxe4 4. Nxe4 Nf6 5. Nxf6+ exf6 6. d4 Bd6 7. Bd3 O-O
8. O-O Bg4 9. c3 Nd7 10. Bc2 Re8 11. Qd3 Nf8 12. Bd2 Bc7 13. Rfe1 Qd6 14. g3
Qd5 15. Nh4 g6 16. Bd1 Rxe1+ 17. Bxe1 Bxd1 18. Qxd1 Ne6 19. Bd2 f5 20. Qf3 Rd8
21. Qxd5 cxd5 22. f4 Ng7 23. Re1 Ne8 24. Nf3 Nd6 25. Re7 Rc8 26. Re5 Nc4 27.
Rxd5 Nxb2 28. Rb5 Nc4 29. Rxb7 Bb6 30. Be1 Nd6 31. Rd7 Ne4 32. Kg2 Nxc3 33. a3
Ne4 34. a4 Nf6 35. Rb7 Rc2+ 36. Kg1 Rb2 37. Re7 Kf8 38. Re5 Ng4 39. Rb5 Rxb5
40. axb5 Ne3 41. Bb4+ Ke8 42. Kf2 Nd5 43. Ke2 Nxb4 0-1

[Event "Banff op"]
[Site "Banff CAN"]
[Date "2022.11.13"]
[Round "5.5"]
[White "Arruebarrena, Rafael"]
[Black "Kim, Noah"]
[Result "1-0"]
[WhiteElo "2238"]
[BlackElo "2069"]
[PlyCount "99"]
[EventDate "2022.11.11"]
[EventType "swiss"]
[EventRounds "6"]
[EventCountry "CAN"]

1. e4 c6 2. d4 d5 3. Nd2 dxe4 4. Nxe4 Nf6 5. Nxf6+ exf6 6. c3 Bf5 7. Nf3 Bd6 8.
Be2 O-O 9. O-O Nd7 10. c4 Re8 11. Be3 Nf8 12. Qd2 Ng6 13. Rfe1 Qc7 14. g3 a5
15. a3 Be4 16. b4 axb4 17. axb4 b6 18. Qb2 Ne7 19. c5 bxc5 20. bxc5 Rxa1 21.
Rxa1 Qb8 22. Qxb8 Bxb8 23. Ra8 Kf8 24. Nd2 Bd5 25. Bc4 Rd8 26. Bf4 Bc7 27.
Rxd8+ Bxd8 28. Bd6 Be6 29. Bxe6 fxe6 30. Nc4 Kf7 31. Bxe7 Bxe7 32. f4 e5 33.
fxe5 Ke6 34. Kg2 Kd5 35. Nb6+ Ke6 36. d5+ cxd5 37. c6 Bd8 38. Na8 Kxe5 39. c7
Bxc7 40. Nxc7 Ke4 41. Ne8 f5 42. Nxg7 f4 43. g4 d4 44. Ne6 f3+ 45. Kf2 h6 46.
Nc5+ Kd5 47. Nd3 Ke4 48. Ne1 d3 49. Nxd3 Kxd3 50. Kxf3 1-0

[Event "Banff op"]
[Site "Banff CAN"]
[Date "2022.11.13"]
[Round "5.6"]
[White "Ng, Gary"]
[Black "Zhu, Brandon"]
[Result "1-0"]
[WhiteElo "2378"]
[BlackElo "2066"]
[PlyCount "149"]
[EventDate "2022.11.11"]
[EventType "swiss"]
[EventRounds "6"]
[EventCountry "CAN"]

1. d4 d6 2. e4 Nf6 3. Nc3 e5 4. Nge2 exd4 5. Nxd4 Be7 6. Be2 O-O 7. Be3 c6 8.
O-O b5 9. a3 Re8 10. f3 Qc7 11. Kh1 a6 12. Qd2 c5 13. Nb3 Be6 14. Rad1 Nbd7 15.
f4 Bf8 16. Bf3 Rac8 17. Rfe1 b4 18. Nd5 Bxd5 19. exd5 a5 20. c4 Ne4 21. Qc2 f5
22. Bxe4 Rxe4 23. Nd2 Nf6 24. Nxe4 Nxe4 25. Bc1 Re8 26. Re2 Qf7 27. Rde1 Qh5
28. Kg1 g6 29. Qa4 g5 30. fxg5 Bg7 31. Qd7 Bd4+ 32. Be3 Be5 33. g3 Rf8 34. Qe6+
Rf7 35. Kg2 Qg4 36. Bf4 Nxg5 37. Bxg5 Qxg5 38. Qe8+ Rf8 39. Qe6+ Rf7 40. Rxe5
dxe5 41. Qxe5 Qg4 42. Qe8+ Rf8 43. Qe6+ Rf7 44. d6 Qd4 45. Qe8+ Kg7 46. Qe5+
Qxe5 47. Rxe5 Rd7 48. Rd5 Kf6 49. Kf3 Kg5 50. g4 Kg6 51. gxf5+ Kf6 52. Kf4 bxa3
53. bxa3 h5 54. a4 h4 55. h3 Rd8 56. d7 Rxd7 57. Rxc5 Rd4+ 58. Kf3 Rd3+ 59. Kg4
Rd4+ 60. Kh5 Re4 61. Rxa5 Rxc4 62. Ra8 Kxf5 63. a5 Kf6 64. a6 Kg7 65. Rb8 Ra4
66. Rb6 Kh7 67. Kg5 Kg7 68. Rb7+ Kg8 69. a7 Ra5+ 70. Kxh4 Ra4+ 71. Kg5 Ra5+ 72.
Kf6 Ra6+ 73. Ke5 Ra5+ 74. Kd6 Ra6+ 75. Kc5 1-0

[Event "Banff op"]
[Site "Banff CAN"]
[Date "2022.11.13"]
[Round "5.7"]
[White "Rekhson, Vladislav"]
[Black "Miller, David"]
[Result "1-0"]
[WhiteElo "2122"]
[BlackElo "2237"]
[PlyCount "43"]
[EventDate "2022.11.11"]
[EventType "swiss"]
[EventRounds "6"]
[EventCountry "CAN"]

1. e4 c5 2. Nf3 d6 3. d4 cxd4 4. Qxd4 Nc6 5. Bb5 Bd7 6. Bxc6 Bxc6 7. Nc3 Nf6 8.
Bg5 e6 9. O-O-O Be7 10. Qd3 Qa5 11. h4 O-O 12. Nd4 Rac8 13. Kb1 a6 14. f4 b5
15. Nxc6 Rxc6 16. e5 dxe5 17. fxe5 Bb4 18. exf6 Bxc3 19. bxc3 Rxc3 20. Bd2 b4
21. Bxc3 bxc3 22. Ka1 1-0

[Event "Banff op"]
[Site "Banff CAN"]
[Date "2022.11.13"]
[Round "5.8"]
[White "Malek, Omid"]
[Black "Taylor, Tristan"]
[Result "1-0"]
[WhiteElo "2190"]
[BlackElo "2020"]
[PlyCount "66"]
[EventDate "2022.11.11"]
[EventType "swiss"]
[EventRounds "6"]
[EventCountry "CAN"]

1. d4 Nf6 2. Bg5 d5 3. e3 c5 4. dxc5 e6 5. c4 Nc6 6. Nd2 Bxc5 7. a3 a5 8. cxd5
Qxd5 9. Bxf6 gxf6 10. Ngf3 Bd7 11. e4 Qd6 12. Rc1 Rd8 13. Qc2 Ba7 14. Bb5 O-O
15. O-O Rc8 16. Nc4 Qf4 17. Qe2 Rfd8 18. g3 Qg4 19. Nd6 Rb8 20. Nxf7 Kxf7 21.
Bxc6 h5 22. Bxd7 Rxd7 23. Kg2 Rbd8 24. Rc2 Bb8 25. Rfc1 Bf4 26. Re1 Bc7 27. e5
f5 28. Rc4 Qg6 29. Qe3 b5 30. Rc6 Re8 31. Qc5 Ree7 32. h4 Rd5 33. Ng5+ Kg7 1-0

[Event "Banff op"]
[Site "Banff CAN"]
[Date "2022.11.13"]
[Round "5.9"]
[White "Yearwood, Roy"]
[Black "Kostadinov, Georgi"]
[Result "0-1"]
[WhiteElo "2032"]
[BlackElo "2185"]
[PlyCount "60"]
[EventDate "2022.11.11"]
[EventType "swiss"]
[EventRounds "6"]
[EventCountry "CAN"]

1. e4 c5 2. Nf3 d6 3. c3 Nf6 4. Bd3 Nc6 5. O-O e6 6. Bc2 Be7 7. d4 cxd4 8. cxd4
O-O 9. Nc3 e5 10. d5 Nb4 11. Bb1 Bd7 12. Be3 Ng4 13. Bd2 g6 14. h3 Nf6 15. Qb3
a5 16. Be3 Qc8 17. Rc1 Bxh3 18. gxh3 Qxh3 19. Nh2 Ng4 20. Nf1 f5 21. f3 Qxf3
22. Qd1 Qh3 23. Qd2 f4 24. Bb6 f3 25. Be3 f2+ 26. Bxf2 Rxf2 27. Qxf2 Nxf2 28.
Kxf2 Rf8+ 29. Kg1 Bh4 30. Nh2 Rf2 0-1

[Event "Banff op"]
[Site "Banff CAN"]
[Date "2022.11.13"]
[Round "5.10"]
[White "Findlay, Ian"]
[Black "Suominen, David"]
[Result "1-0"]
[WhiteElo "2304"]
[BlackElo "2040"]
[PlyCount "45"]
[EventDate "2022.11.11"]
[EventType "swiss"]
[EventRounds "6"]
[EventCountry "CAN"]

1. e4 c6 2. d4 d5 3. Nc3 dxe4 4. Nxe4 Nd7 5. Bd3 Ngf6 6. Ng5 e6 7. N1f3 Bd6 8.
Qe2 h6 9. Ne4 Nxe4 10. Qxe4 Qc7 11. Qg4 Kf8 12. Bd2 b6 13. O-O Bb7 14. Rfe1 Rd8
15. Rad1 c5 16. dxc5 Nxc5 17. Bc3 f5 18. Qh3 Nxd3 19. Rxd3 Be4 20. Ng5 Bxh2+
21. Kh1 Rxd3 22. cxd3 Bxg2+ 23. Kxg2 1-0

[Event "Banff op"]
[Site "Banff CAN"]
[Date "2022.11.13"]
[Round "5.11"]
[White "Tolentino, Patrick Angelo"]
[Black "Bai, Jinghui"]
[Result "1-0"]
[WhiteElo "2250"]
[BlackElo "2026"]
[PlyCount "127"]
[EventDate "2022.11.11"]
[EventType "swiss"]
[EventRounds "6"]
[EventCountry "CAN"]

1. e4 c5 2. Nf3 Nc6 3. d4 cxd4 4. Nxd4 g6 5. c4 Bg7 6. Be3 Nf6 7. Nc3 Ng4 8.
Qxg4 Nxd4 9. Qd1 Ne6 10. Rc1 d6 11. Be2 O-O 12. O-O Bd7 13. Qd2 Nc5 14. f3 a5
15. Rfd1 Bc6 16. b3 f5 17. exf5 gxf5 18. Nd5 Nd7 19. Nf4 Rf6 20. Nh5 Rg6 21.
Nxg7 Kxg7 22. c5 dxc5 23. Rxc5 Rd6 24. Qb2+ Kg6 25. Rcc1 Rxd1+ 26. Rxd1 Qh8 27.
Bd4 e5 28. Bc3 Qf6 29. Qa3 Qf8 30. Qxf8 Rxf8 31. Bxa5 Ra8 32. b4 Ba4 33. Rd6+
Kg5 34. g3 f4 35. Kg2 fxg3 36. Kxg3 Rg8 37. b5 Kf5+ 38. Kf2 Nc5 39. Bb4 Rc8 40.
Rb6 Bd1 41. Bxc5 Bxe2 42. Kxe2 Rxc5 43. Rxb7 Rc2+ 44. Ke3 Rxa2 45. Rxh7 Rb2 46.
Rh5+ Kf6 47. Rh6+ Kf5 48. Rb6 Rxh2 49. Rb8 Rb2 50. b6 Rb3+ 51. Ke2 Rb2+ 52. Kd3
Kf4 53. b7 Rb3+ 54. Kc2 Rb6 55. Rf8+ Ke3 56. b8=Q Rxb8 57. Rxb8 Kxf3 58. Rb3+
Ke2 59. Rb4 Ke3 60. Kd1 e4 61. Ke1 Kd3 62. Rb3+ Kc4 63. Rh3 Kd4 64. Ke2 1-0

[Event "Banff op"]
[Site "Banff CAN"]
[Date "2022.11.13"]
[Round "5.12"]
[White "Yang, Jingyun (Ryan)"]
[Black "Wu, Jonathan"]
[Result "1-0"]
[WhiteElo "2237"]
[BlackElo "1989"]
[PlyCount "89"]
[EventDate "2022.11.11"]
[EventType "swiss"]
[EventRounds "6"]
[EventCountry "CAN"]

1. Nf3 d5 2. g3 g6 3. Bg2 Bg7 4. O-O e5 5. d3 Nc6 6. Nbd2 Nf6 7. c4 dxc4 8.
Nxc4 e4 9. dxe4 Qxd1 10. Rxd1 Nxe4 11. Bf4 Be6 12. Nfe5 Nxe5 13. Bxe5 Bxe5 14.
Nxe5 Nd6 15. Rac1 O-O-O 16. b3 Rhe8 17. Nf3 Nb5 18. Ng5 Rxd1+ 19. Rxd1 Nc3 20.
Rd2 Bf5 21. Bf3 Re7 22. Nxh7 c6 23. g4 Bb1 24. Nf6 g5 25. Kg2 Nxa2 26. Kg3 Nc3
27. h4 gxh4+ 28. Kxh4 Kc7 29. g5 b5 30. b4 Bg6 31. Bg4 Ne4 32. Ra2 Kb7 33. f4
Nd6 34. Rd2 Nf5+ 35. Bxf5 Bxf5 36. e4 Bxe4 37. Re2 Kb6 38. Rxe4 Rb7 39. Rd4 a5
40. Nd7+ Rxd7 41. Rxd7 axb4 42. Rxf7 b3 43. Re7 c5 44. g6 c4 45. g7 1-0

[Event "Banff op"]
[Site "Banff CAN"]
[Date "2022.11.13"]
[Round "5.13"]
[White "Cheng, Louis"]
[Black "Vasic, Maxim"]
[Result "0-1"]
[WhiteElo "2002"]
[BlackElo "2119"]
[PlyCount "54"]
[EventDate "2022.11.11"]
[EventType "swiss"]
[EventRounds "6"]
[EventCountry "CAN"]

1. d4 Nf6 2. c4 e6 3. Nf3 b6 4. a3 Bb7 5. Nc3 d5 6. cxd5 Nxd5 7. Qc2 Be7 8. e4
Nxc3 9. bxc3 O-O 10. Bb2 c5 11. Rd1 Qc7 12. Be2 cxd4 13. Nxd4 Nd7 14. O-O Nc5
15. Bf3 Ba6 16. Rfe1 e5 17. Nf5 Bc4 18. Rd5 Bxd5 19. exd5 Bd6 20. c4 f6 21. Re3
Rae8 22. Be4 Nxe4 23. Qxe4 g6 24. Nh6+ Kh8 25. Qh4 b5 26. Rc3 bxc4 27. f4 Qb6+
0-1

[Event "Banff op"]
[Site "Banff CAN"]
[Date "2022.11.13"]
[Round "5.14"]
[White "Srinivasan, Hemant"]
[Black "Hoekman, Samuel"]
[Result "0-1"]
[WhiteElo "2108"]
[BlackElo "1857"]
[PlyCount "47"]
[EventDate "2022.11.11"]
[EventType "swiss"]
[EventRounds "6"]
[EventCountry "CAN"]

1. d4 f5 2. Nf3 e6 3. c4 Nf6 4. Nc3 Be7 5. g3 O-O 6. Bg2 d6 7. O-O Ne4 8. Nd2
Nxc3 9. bxc3 c5 10. e4 Nc6 11. d5 exd5 12. cxd5 Na5 13. Qc2 fxe4 14. Bxe4 h6
15. Re1 Bf6 16. Rb1 b6 17. Qd3 a6 18. Bh7+ Kh8 19. Ne4 Nc4 20. Bf4 b5 21. Bg6
Be5 22. Kh1 Bxf4 23. gxf4 Rxf4 24. Kg2 {illisible} 0-1

[Event "Banff op"]
[Site "Banff CAN"]
[Date "2022.11.13"]
[Round "5.16"]
[White "Chandra, Anand Rishi"]
[Black "Zacharias, Nicholas"]
[Result "1-0"]
[WhiteElo "2063"]
[BlackElo "1781"]
[PlyCount "49"]
[EventDate "2022.11.11"]
[EventType "swiss"]
[EventRounds "6"]
[EventCountry "CAN"]

1. e4 c5 2. Nf3 Nc6 3. c3 d5 4. exd5 Qxd5 5. d4 Nf6 6. Na3 Bg4 7. Be2 e6 8. Bf4
Be7 9. h3 Bh5 10. Nb5 O-O 11. O-O Qe4 12. Be3 Rad8 13. Nd2 Bxe2 14. Qxe2 Qc2
15. Rab1 cxd4 16. Nxd4 Nxd4 17. Bxd4 Rxd4 18. cxd4 Bb4 19. Rfd1 Rd8 20. Qc4
Qxc4 21. Nxc4 b5 22. Ne3 Ne4 23. f3 Nd2 24. Rbc1 f5 25. Nc2 1-0

[Event "Banff op"]
[Site "Banff CAN"]
[Date "2022.11.13"]
[Round "5.17"]
[White "Barbosa Landre, Geraldo"]
[Black "Valentino, Marcos"]
[Result "1/2-1/2"]
[WhiteElo "1852"]
[BlackElo "2041"]
[PlyCount "107"]
[EventDate "2022.11.11"]
[EventType "swiss"]
[EventRounds "6"]
[EventCountry "CAN"]

1. d4 Nf6 2. Nf3 d6 3. Bf4 Bg4 4. c4 Nbd7 5. Nc3 c5 6. d5 Qa5 7. Qd2 h6 8. h3
Bf5 9. e3 g5 10. Bg3 Bg7 11. Bd3 Bxd3 12. Qxd3 Qb4 13. O-O Nh5 14. Nb5 O-O 15.
Bh2 a6 16. Nc3 Qxb2 17. Ne4 Qb6 18. Rab1 Qc7 19. Rb3 b5 20. cxb5 axb5 21. Rxb5
Rxa2 22. Qb3 Rb2 23. Qa4 Rxb5 24. Qxb5 Rc8 25. Rc1 f5 26. Ned2 f4 27. Qd3 fxe3
28. fxe3 Nhf6 29. Nd4 Nf8 30. Nf5 Kh8 31. Nc4 Qd8 32. e4 N8d7 33. e5 dxe5 34.
d6 e6 35. Ne7 e4 36. Qc2 Ra8 37. Be5 Qb8 38. Bc3 Qb6 39. Rb1 Qa6 40. Bxf6 Nxf6
41. Ne5 Kh7 42. Qxc5 Qa5 43. Qxa5 Rxa5 44. d7 Nxd7 45. Nxd7 Ra7 46. Rd1 h5 47.
Nc6 Rc7 48. Nd8 e3 49. Kf1 Rc2 50. Re1 Rf2+ 51. Kg1 Rd2 52. Nxe6 Rxd7 53. Nxg7
Rxg7 54. Rxe3 1/2-1/2

[Event "Banff op"]
[Site "Banff CAN"]
[Date "2022.11.13"]
[Round "5.18"]
[White "Liu, Zachary"]
[Black "D'Souza, Carina"]
[Result "1/2-1/2"]
[WhiteElo "1963"]
[BlackElo "1794"]
[PlyCount "171"]
[EventDate "2022.11.11"]
[EventType "swiss"]
[EventRounds "6"]
[EventCountry "CAN"]

1. e4 c5 2. Nf3 d6 3. d4 cxd4 4. Nxd4 Nf6 5. Nc3 a6 6. Bg5 e6 7. f4 Be7 8. Qf3
Nbd7 9. O-O-O Qc7 10. g4 b5 11. Bxf6 Nxf6 12. g5 Nd7 13. f5 O-O 14. h4 b4 15.
Nce2 e5 16. f6 exd4 17. fxe7 Re8 18. Nxd4 Ne5 19. Qf2 Qxe7 20. Nf5 Bxf5 21.
exf5 a5 22. Bg2 Rac8 23. f6 Ng4 24. Qd2 Qe3 25. Bh3 Rc4 26. Bxg4 Qxd2+ 27. Rxd2
Rxg4 28. Rxd6 gxf6 29. gxf6 h6 30. h5 Rg5 31. b3 Rc8 32. Kb2 Rg2 33. Rc1 Rc5
34. Rd8+ Kh7 35. Rf8 Rxh5 36. Rxf7+ Kg8 37. Rc7 Rf5 38. a3 Rxf6 39. axb4 axb4
40. Rb7 Rf4 41. Rd1 Rg7 42. Rb6 Kh7 43. Rd5 Rg6 44. Rbb5 Rgg4 45. Rbc5 Rd4 46.
Re5 Rde4 47. Rc7+ Kg6 48. Rc6+ Kg7 49. Rb5 Rgf4 50. Rb7+ Rf7 51. Rxf7+ Kxf7 52.
Rxh6 Ke7 53. Rc6 Kd7 54. Rh6 Kc7 55. Rh3 Kb6 56. Rd3 Kc5 57. Kc1 Kb5 58. Kd2
Kc5 59. Rh3 Rg4 60. Ke3 Kd5 61. Rh5+ Kc6 62. Kd3 Rf4 63. Re5 Rh4 64. Re4 Rh3+
65. Kc4 Rc3+ 66. Kxb4 Rxc2 67. Re6+ Kb7 68. Re8 Rc6 69. Ka3 Ra6+ 70. Kb2 Rc6
71. b4 Rh6 72. Kb3 Rg6 73. Re5 Rh6 74. Rb5+ Ka6 75. Ka4 Rg6 76. Re5 Kb6 77. Re8
Rh6 78. Rb8+ Ka7 79. Rb5 Ka6 80. Re5 Kb6 81. Kb3 Rh3+ 82. Kc4 Rh6 83. Rd5 Rg6
84. Rd7 Rh6 85. Rg7 Rf6 86. Rh7 1/2-1/2

[Event "Banff op"]
[Site "Banff CAN"]
[Date "2022.11.13"]
[Round "5.19"]
[White "Xu, Andrew"]
[Black "Leong, Aiden"]
[Result "0-1"]
[WhiteElo "1962"]
[BlackElo "1779"]
[PlyCount "53"]
[EventDate "2022.11.11"]
[EventType "swiss"]
[EventRounds "6"]
[EventCountry "CAN"]

1. e4 c6 2. Nc3 d5 3. Nf3 Bg4 4. h3 Bxf3 5. Qxf3 e6 6. d3 Nf6 7. Be2 d4 8. Nb1
c5 9. O-O Nc6 10. Qg3 Qd7 11. a3 O-O-O 12. Bd2 g5 13. Bxg5 Be7 14. Qh4 Ng8 15.
Bxe7 Ngxe7 16. f4 f5 17. e5 Nd5 18. Nd2 Ne3 19. Rf2 Ne7 20. Re1 Rdg8 21. Bh5
Rg7 22. Nf1 N7d5 23. Nxe3 Nxe3 24. Bf3 Rhg8 25. Kh2 Rg6 26. Rfe2 Qg7 27. Rg1 {
illisible} 0-1

[Event "Banff op"]
[Site "Banff CAN"]
[Date "2022.11.13"]
[Round "5.20"]
[White "Moore, Pat"]
[Black "Hobbs, Richard"]
[Result "0-1"]
[WhiteElo "1777"]
[BlackElo "1876"]
[PlyCount "96"]
[EventDate "2022.11.11"]
[EventType "swiss"]
[EventRounds "6"]
[EventCountry "CAN"]

1. d4 f5 2. Nf3 Nf6 3. Bf4 e6 4. e3 b6 5. Nbd2 Bb7 6. Bc4 Be7 7. O-O O-O 8. Bb3
Nc6 9. a3 Nh5 10. Bg3 Nxg3 11. hxg3 Bf6 12. c4 Ne7 13. Rc1 c5 14. Nb1 d6 15.
Nc3 Kh8 16. d5 e5 17. e4 f4 18. gxf4 exf4 19. Re1 Ng6 20. Qd2 Ne5 21. Nxe5 Bxe5
22. Bd1 Qh4 23. Bf3 g5 24. Bd1 g4 25. f3 Bd4+ 26. Kf1 Qh1+ 27. Ke2 Qxg2+ 28.
Kd3 Qxd2+ 29. Kxd2 Be3+ 30. Kc2 Bxc1 31. Kxc1 g3 32. Bc2 g2 33. Ne2 h5 34. Rg1
Rg8 35. Nxf4 Raf8 36. Nxg2 Rxf3 37. e5 dxe5 38. Be4 Rf4 39. Bd3 h4 40. Bf1 h3
41. Rh1 Rxf1+ 42. Rxf1 hxg2 43. Rg1 Bc8 44. Kd2 Bh3 45. Ke3 Kg7 46. Ke4 Kf6 47.
d6 Rg4+ 48. Kd3 Rf4 0-1

[Event "Banff op"]
[Site "Banff CAN"]
[Date "2022.11.13"]
[Round "5.21"]
[White "Van den Born, Ico"]
[Black "Chen, Ricky"]
[Result "1-0"]
[WhiteElo "2074"]
[BlackElo "1764"]
[PlyCount "100"]
[EventDate "2022.11.11"]
[EventType "swiss"]
[EventRounds "6"]
[EventCountry "CAN"]

1. c4 g6 2. g3 Bg7 3. Bg2 Nf6 4. Nf3 O-O 5. O-O d6 6. Nc3 e5 7. d3 Nc6 8. Rb1
Be6 9. b4 e4 10. Ng5 exd3 11. Nxe6 fxe6 12. exd3 Rb8 13. Be3 a6 14. d4 e5 15.
d5 Ne7 16. Bd2 Qd7 17. f4 exf4 18. Bxf4 Nh5 19. Bd2 Rxf1+ 20. Qxf1 Bd4+ 21. Kh1
Nf5 22. Qd3 Re8 23. Ne4 Rxe4 24. Bxe4 Nfxg3+ 25. Kg2 Bc3 26. hxg3 Qg4 27. Qf3
Qxf3+ 28. Bxf3 Bxd2 29. Bxh5 gxh5 30. b5 axb5 31. cxb5 Ba5 32. Rh1 Kg7 33. Rxh5
Kg6 34. g4 Bc3 35. Kf3 Bd4 36. Rh1 b6 37. Re1 Kf7 38. Ke4 Bc5 39. Kf5 Bf2 40.
Rh1 Kg7 41. Ke6 Kg6 42. Rh5 Bd4 43. Kd7 h6 44. Kxc7 Bc5 45. a4 Kg7 46. a5 bxa5
47. b6 Bxb6+ 48. Kxb6 a4 49. Kc6 a3 50. Kxd6 a2 1-0

[Event "Banff op"]
[Site "Banff CAN"]
[Date "2022.11.13"]
[Round "5.22"]
[White "Darvekar, Yash"]
[Black "Jiang, Kate"]
[Result "0-1"]
[WhiteElo "1840"]
[BlackElo "1952"]
[PlyCount "94"]
[EventDate "2022.11.11"]
[EventType "swiss"]
[EventRounds "6"]
[EventCountry "CAN"]

1. e4 e5 2. Nf3 Nc6 3. Bb5 a6 4. Bxc6 dxc6 5. O-O f6 6. d4 Bd6 7. dxe5 Bxe5 8.
Nxe5 Qxd1 9. Rxd1 fxe5 10. Nd2 Bg4 11. f3 Be6 12. b3 Nf6 13. Bb2 Nd7 14. f4
exf4 15. Rf1 O-O 16. Nf3 Rae8 17. Rae1 Bg4 18. e5 h6 19. h3 Bxf3 20. Rxf3 Re6
21. Rf2 g5 22. Rd2 Rf7 23. Kf2 b5 24. Kf3 Kh7 25. h4 Kg6 26. hxg5 hxg5 27. Kg4
Nf6+ 28. Kf3 Kf5 29. Rde2 g4+ 30. Kf2 g3+ 31. Kg1 Ng4 32. Re4 Nf2 33. Rd4 Rh7
34. Kf1 Rh1+ 35. Ke2 Rxe5+ 36. Kf3 Rexe1 37. Rxf4+ Ke6 38. Rf6+ Ke7 39. Rxc6
Ne4 40. Rxc7+ Kd6 41. Rg7 Rhf1+ 42. Kg4 Rf2 43. Ba3+ Kc6 44. Rg6+ Rf6 45. Rg8
Ref1 46. Re8 Rg6+ 47. Kh5 Rg5+ 0-1

[Event "Banff op"]
[Site "Banff CAN"]
[Date "2022.11.13"]
[Round "5.24"]
[White "Nechio, Douglas"]
[Black "Ming, Jerry"]
[Result "1-0"]
[WhiteElo "1917"]
[BlackElo "1731"]
[PlyCount "98"]
[EventDate "2022.11.11"]
[EventType "swiss"]
[EventRounds "6"]
[EventCountry "CAN"]

1. e4 c5 2. Nf3 e6 3. d4 cxd4 4. Nxd4 Nc6 5. Be3 Qc7 6. g3 a6 7. Bg2 g6 8. O-O
Bg7 9. Nc3 Nge7 10. Re1 O-O 11. Qd2 d6 12. Rad1 Ne5 13. Qe2 Nc4 14. Bc1 Bd7 15.
Nb1 Rac8 16. b3 Nb6 17. c4 Nc6 18. Nc2 Ne5 19. Ba3 Nexc4 20. bxc4 Nxc4 21. Ne3
Nxa3 22. Nxa3 Bc3 23. Rc1 Qc5 24. Nb1 Bb5 25. Qd1 Qb4 26. Nxc3 Rxc3 27. Qd2 Rb3
28. Qxb4 Rxb4 29. Rb1 Ra4 30. Rb2 Rc8 31. Rd1 Rc6 32. Bf1 Ra5 33. Bxb5 axb5 34.
Rd3 Rca6 35. Rdd2 Kf8 36. Nd1 b4 37. Ne3 Ra3 38. f3 b5 39. Nc2 Rxa2 40. Nxb4
Ra1+ 41. Kg2 Rb6 42. Rdc2 Ra8 43. Rc7 Kg7 44. h4 h6 45. g4 Kf6 46. f4 Kg7 47.
g5 hxg5 48. hxg5 Kf8 49. Kf3 Kg7 {illisible} 1-0

[Event "Banff op"]
[Site "Banff CAN"]
[Date "2022.11.13"]
[Round "5.25"]
[White "Russell, Wesley"]
[Black "Xie, Tao"]
[Result "1/2-1/2"]
[WhiteElo "1713"]
[BlackElo "1838"]
[PlyCount "53"]
[EventDate "2022.11.11"]
[EventType "swiss"]
[EventRounds "6"]
[EventCountry "CAN"]

1. e4 e6 2. d4 d5 3. exd5 exd5 4. Bd3 Bd6 5. Nf3 Ne7 6. c3 Bf5 7. O-O Nbc6 8.
Re1 Qd7 9. a4 O-O 10. Na3 Na5 11. Bc2 a6 12. b4 Nac6 13. Bxf5 Qxf5 14. Nc2 Qh5
15. Ne3 Ng6 16. Nf1 Nh4 17. Nxh4 Qxh4 18. Qf3 Ne7 19. h3 c6 20. Ne3 Rfe8 21.
Bd2 Qf4 22. Qxf4 Bxf4 23. Rad1 a5 24. Rb1 Nf5 25. bxa5 Nxe3 26. Bxe3 Bc7 27.
Rxb7 1/2-1/2